Science Quiz

Random Science or World Quiz
Score 0/10 Timer 06:00
0 Plays Today
% Correct
Tiger
70.8%
Giant Panda
70.5%
Black Rhino
50.4%
Hawksbill Turtle
20.7%
Alligator Snapping Turtle
20.4%
Mako Shark
20.1%
Goldenseal
14.4%
Green-Cheeked Parrot
7.6%
Beluga Sturgeon
4.2%
Big Leaf Mahogany
2.8%

You're not logged in!

Compare scores with friends on all Sporcle quizzes.
OR
Log In

Sporcle TV

Today on Sporcle TV


Watch our educational content, quiz creation guides, and fun videos on Sporcle TV.

Show Comments

Extras

Top Quizzes Today


Score Distribution

Paid Content

Your Account Isn't Verified!

In order to create a playlist on Sporcle, you need to verify the email address you used during registration. Go to your Sporcle Settings to finish the process.

Report this User

Report this user for behavior that violates our Community Guidelines.

Details: